Zbierky dejín techniky VIII. zborník príspevkov z odborného programu zasadnutia Komisie pre zbierky dejín techniky ZMS Hurbanovo, 2024 19. storočie - storočie priekopníkov vedy

Bibliographic Details
Corporate Author: Zväz múzeí na Slovensku. Komisia pre zbierky dejín techniky (Author)
Other Authors: Tóthová, Lenka (Compiler), Majerník, Marián (Compiler), Šullová, Zuzana (Compiler)
Format: Book
Language:Slovak
PhysicalDescription:175 strán faksimile, fotografie (prevažne farebné), farebné ilustrácie, mapy, portréty 22 cm
Published: [Košice] [Slovenské technické múzeum] [2024]
ISBN:9788082900159
Subjects:

MARC

LEADER 00000cam a2200000 4500
001 vtls012277599
003 SK-MaSNL
005 20260426004003.0
008 250604q2024 xo hoacfrn 100 0 slo
015 |a SNBA2024/02 
020 |a 9788082900159  |q (brožované) 
040 |a SNK  |b slo  |c SNK  |e rda 
041 0 |a slo  |b eng  |b slo 
043 |a e-cs---  |a e-xo--- 
044 |a xo  |c SK 
072 7 |a 069  |x Múzeá. Muzeológia. Múzejníctvo. Výstavy  |2 konspekt 
072 7 |a 00  |x Veda. Všeobecnosti. Základy vedy a kultúry. Vedecká práca  |2 konspekt 
080 |a 001:62  |2 2011 
080 |a 62(091)  |2 2011 
080 |a (437)  |2 2011 
080 |a (437.6)  |2 2011 
080 |a (062.534)  |2 2011 
080 |a 62:001.892  |2 2011 
080 |a 001.894  |2 2011 
080 |a 347.77.023  |2 2011 
080 |a 069:62  |2 2011 
080 |a 069.5  |2 2011 
110 2 |a Zväz múzeí na Slovensku.  |b Komisia pre zbierky dejín techniky  |n (8. :  |d 2024 :  |c Hurbanovo, Slovensko)  |4 aut  |9 625429 
245 1 0 |a Zbierky dejín techniky VIII.  |b zborník príspevkov z odborného programu zasadnutia Komisie pre zbierky dejín techniky ZMS Hurbanovo, 2024  |p 19. storočie - storočie priekopníkov vedy  |c zostavili: Lenka Tóthová, Marián Majerník, Zuzana Šullová 
246 3 0 |a 19. storočie - storočie priekopníkov vedy 
246 3 0 |a Devätnáste storočie - storočie priekopníkov vedy 
264 1 |a [Košice]  |b [Slovenské technické múzeum]  |c [2024] 
300 |a 175 strán  |b faksimile, fotografie (prevažne farebné), farebné ilustrácie, mapy, portréty  |c 22 cm 
336 |a text  |b txt  |2 rdacontent 
337 |a bez média  |b n  |2 rdamedia 
338 |a zväzok  |b nc  |2 rdacarrier 
366 |e 150 kusov 
500 |a Obsahuje poznámky pod čiarou 
504 |a Obsahuje bibliografiu za jednotlivými príspevkami a bibliografické odkazy 
546 |a Anglické a slovenské abstrakty ; súbežné názvy niektorých príspevkov v angličtine 
648 7 |a 19. storočie  |2 SNKPH  |9 277854 
648 7 |a 19th century  |2 SNKPHeng  |9 306372 
650 0 7 |a veda a technika  |2 SNKPH  |9 3998 
650 0 7 |a dejiny techniky  |2 SNKPH  |9 81630 
650 0 7 |a Technological innovations  |2 SNKPHeng  |9 266518 
650 0 7 |a History of technology  |2 SNKPHeng  |9 270310 
650 0 7 |a objavy a vynálezy  |2 SNKPH  |9 2648 
650 0 7 |a Discoveries and inventions  |2 SNKPHeng  |9 267209 
650 0 7 |a technický rozvoj  |2 SNKPH  |9 3987 
650 0 7 |a technické múzeá  |2 SNKPH  |9 98358 
650 0 7 |a Technical museums  |2 SNKPHeng  |9 407582 
650 0 7 |a múzejné zbierky  |2 SNKPH  |9 69988 
650 0 7 |a Museum collections  |2 SNKPHeng  |2 SNKPHeng  |9 265953 
651 7 |a Československo  |2 SNKPHgeo  |9 21376 
651 7 |a Slovensko  |2 SNKPHgeo  |9 14231 
651 7 |a Czechoslovakia  |2 SNKPHeng  |9 265183 
651 7 |a Slovakia  |2 SNKPHeng  |9 92630 
655 7 |a zborníky konferencií  |2 SNKPH  |9 70153 
655 7 |a Proceedings of conferences  |2 SNKPHeng  |9 265791 
700 1 |a Tóthová, Lenka  |4 com  |9 624860 
700 1 |a Majerník, Marián  |4 com  |9 490310 
700 1 |a Šullová, Zuzana  |4 com  |9 338503 
700 1 |a Marenčík, Aleš  |4 bkd  |9 420194 
852 |a Slovenská národná knižnica 
919 |a 978-80-8290-015-9 
954 |a odborná, vedecká literatúra pôvodná (slovenská)  |2 lita 
958 |a NB 
958 |a ZB 
999 |c 960698  |d 962628 
952 |a SNK  |b SNK  |y PREZ  |7 0  |p 17A1576722  |o snkSC 211337  |i snk2025/12854  |8 0  |0 0  |1 0  |4 0  |d 2025-08-08  |l 0  |r 2026-02-24 10:17:51  |w 2026-02-24